Population geography : (Record no. 48542)

MARC details
000 -LEADER
fixed length control field 00562nam a2200205Ia 4500
005 - DATE AND TIME OF LATEST TRANSACTION
control field 20260122095520.0
008 - FIXED-LENGTH DATA ELEMENTS--GENERAL INFORMATION
fixed length control field 260121s9999||||xx |||||||||||||| ||und||
020 ## - INTERNATIONAL STANDARD BOOK NUMBER
International Standard Book Number 9780367697969
082 ## - DEWEY DECIMAL CLASSIFICATION NUMBER
Classification number 304.6
Item number HAZ
100 ## - MAIN ENTRY--PERSONAL NAME
Personal name Hazen, Helen D.
245 #0 - TITLE STATEMENT
Title Population geography :
Remainder of title social justice for a sustainable world /
260 ## - PUBLICATION, DISTRIBUTION, ETC. (IMPRINT)
Place of publication, distribution, etc London :
Name of publisher, distributor, etc Routledge,
Date of publication, distribution, etc 2024.
300 ## - PHYSICAL DESCRIPTION
Extent xvii, 334 p.; pbk
650 ## - SUBJECT ADDED ENTRY--TOPICAL TERM
Topical term or geographic name as entry element Geography
650 ## - SUBJECT ADDED ENTRY--TOPICAL TERM
Topical term or geographic name as entry element Population
650 ## - SUBJECT ADDED ENTRY--TOPICAL TERM
Topical term or geographic name as entry element Social justice
700 ## - ADDED ENTRY--PERSONAL NAME
Personal name Alberts, Heike C.
700 ## - ADDED ENTRY--PERSONAL NAME
Personal name Zaniewski, Kazimierz J.
942 ## - ADDED ENTRY ELEMENTS (KOHA)
Koha item type Text Books
Holdings
Date last seen Total Checkouts Full call number Barcode Price effective from Koha item type Lost status Damaged status Not for loan Collection code Withdrawn status Home library Current library Shelving location Date acquired Source of acquisition
22/01/2026   304.6 HAZ 54931 22/01/2026 Text Books       Non-fiction   CUTN Central Library CUTN Central Library Social Sciences 22/01/2026 Technical Buearu, New Delhi - Invoice No. - TB4434 on 07-03-2025